Ayer en México : una crónica de la Revolución, 1919-1936 /
Esta obra presenta el período de la revolución mexicana que va de 1919 a 1936, cuando después del derrocamiento de Carranza como presidente, un grupo de Sonora subió al poder, cuyos jefes llegaron a ser conocidos como el "triángulo sonorense". Estos jefes eran Adolfo De la Huerta, Alvaro Obregón y P...
Zapisane w:
| 1. autor: | |
|---|---|
| Format: | Książka |
| Język: | hiszpański |
| Wydane: |
México :
Fondo de Cultura Económica,
1977, c1977
|
| Seria: | (Sección de Obras de Historia)
|
| Hasła przedmiotowe: | |
| Etykiety: |
Nie ma etykietki, Dołącz pierwszą etykiete!
|
MARC
| LEADER | 00000nam^a2200000^a^4500 | ||
|---|---|---|---|
| 001 | 000099926 | ||
| 005 | 20250521000000.0 | ||
| 009 | 20260310093145.882 | ||
| 037 | |a Acervo ITESO - Biblioteca | ||
| 041 | |a ESP | ||
| 082 | |a 972. 062 |b DUL | ||
| 100 | |a Dulles, John W.F. |e (autor) | ||
| 240 | 1 | 1 | |a [Ayer en México: una crónica de la Revolución, 1919-1936] |
| 245 | 1 | 0 | |a Ayer en México : |b una crónica de la Revolución, 1919-1936 / |c J.W.F. Dulles ; tr. por Julio Zapata. |
| 264 | 4 | |a México : |b Fondo de Cultura Económica, |c 1977, c1977 | |
| 300 | |a 653 p. | ||
| 336 | |a texto |b txt |2 rdacontenido | ||
| 337 | |a sin mediación |b n |2 rdamedio | ||
| 338 | |a volumen |b nc |2 rdasoporte | ||
| 440 | 1 | |a (Sección de Obras de Historia) | |
| 500 | |a Traducción de: Yesterday in Mexico. A Chronicle of the Revolution, 1919-1936 | ||
| 520 | |a Esta obra presenta el período de la revolución mexicana que va de 1919 a 1936, cuando después del derrocamiento de Carranza como presidente, un grupo de Sonora subió al poder, cuyos jefes llegaron a ser conocidos como el "triángulo sonorense". Estos jefes eran Adolfo De la Huerta, Alvaro Obregón y Plutarco Elías Calles, y cada uno de ellos fue eliminado por la fuerza. | ||
| 649 | |a XX | ||
| 650 | |a México - |x Historia - |y Régimen Carrancista, 1917-1920 | ||
| 650 | |a México - |x Historia - |y Régimen Delahuertista, 1920 | ||
| 650 | |a México - |x Historia - |y Régimen Obregonista, 1920-1924 | ||
| 650 | |a México - |x Historia - |y Régimen Callista, 1924-1928 | ||
| 650 | |a México - |x Historia - |y Régimen Portesgilista, 1928-1930 | ||
| 650 | |a México - |x Historia - |y Maximato, 1928-1934 | ||
| 650 | |a México - |x Historia - |y Régimen Cardenista, 1934-1940 | ||
| 650 | |a México - |x Historia - |y Siglo XX | ||
| 650 | |a México - |x Historia | ||
| 910 | |a Fondo Jesús Rodríguez | ||
| 920 | |a Impresos - Libros | ||
| 930 | |a Fondos Especiales | ||
| 905 | |a 113 | ||
| 901 | |a 0500035978 |b IT2 |c ESP |u 20250521 | ||
| 902 | |a https://opac.biblio.iteso.mx/vufind/Record/000099926 | ||